IATA Airport Codes by City (EUROPE) - Statistics

General Stats
  • This quiz has been taken 5,709 times
  • The average score is 22 of 27
Answer Stats
Hint Answer % Correct
DUB Dublin
99%
MAD Madrid
96%
AMS Amsterdam
95%
ATH Athens
94%
OSL Oslo
94%
ZRH Zurich
94%
LIS Lisbon
93%
PRG Prague
93%
VIE Vienna
93%
WAW Warsaw
92%
HEL Helsinki
91%
BUD Budapest
90%
HAM Hamburg
90%
CPH Copenhagen
87%
MUC Munich
87%
VCE Venice
87%
BRU Brussels
86%
BCN Barcelona
85%
LGW London
84%
EDI Edinburgh
82%
MXP Milan
75%
GIB Gibraltar
70%
RIX Riga
62%
TXL Berlin
61%
MRS Marseille
61%
GOT Gothenburg
58%
SVG Stavanger
24%
No matching quizzes found
Score Distribution
Percent of People with Each Score
Percentile by Number Answered
Your Score History
You have not taken this quiz